Medical geography /

Bibliographic Details
Main Author: Meade, Melinda S.
Other Authors: Florin, John William, Gesler, Wilbert M., 1941-
Format: Book
Language:English
Published: New York : Guilford Press, [1988]
Subjects:

MARC

Tag First Indicator Second Indicator Subfields
LEADER 00000cam a2200000 a 4500
001 in00000031093
005 20151007054947.0
008 870629s1988 nyua b 00110 eng
010 |a  87019673  
020 |a 0898627818 
035 |a (OCoLC)16226752 
035 |9 AAB6769AM 
040 |a DLC  |c DLC  |d TXA  |d UtOrBLW 
049 |a TXAM  |c [A11504797] 
050 0 0 |a RA792  |b .M42 1988 
082 0 |a 614.4/2  |2 19 
100 1 |a Meade, Melinda S. 
245 1 0 |a Medical geography /  |c Melinda S. Meade, John W. Florin, Wilbert M. Gesler. 
264 1 |a New York :  |b Guilford Press,  |c [1988] 
264 4 |c ©1988 
300 |a ix, 340 pages :  |b illustrations ;  |c 24 cm. 
336 |a text  |b txt  |2 rdacontent 
337 |a unmediated  |b n  |2 rdamedia 
338 |a volume  |b nc  |2 rdacarrier 
504 |a Includes bibliographies and index. 
650 0 |a Medical geography. 
700 1 |a Florin, John William. 
700 1 |a Gesler, Wilbert M.,  |d 1941- 
999 |a MARS 
999 f f |s 3452ed80-3671-3973-9c0e-25f91c2d500a  |i 3f399463-2e21-311e-abca-7fa2dce2735d  |t 0 
952 f f |p ric  |a Texas A&M University  |b Rellis Campus  |c Joint Library Facility  |d Remote Storage  |t 0  |e RA792 .M42 1988  |h Library of Congress classification  |i unmediated -- volume  |m A14817281729 
998 f f |a RA792 .M42 1988  |t 0  |l Remote Storage